00448nam a2200157Ia 450000500170000000800410001708200130005810000230007124500150009426000380010930000130014765000100016094200060017095200990017699900150027520250508062854.0240331s9999 xx 000 0 und d bTHAa891 aThalaiyasingham, M 0aPorparavai aKovaibPaarijaatham Achagamc1985 a312 p ., aNovel cL 001040708LaWERCLbWERCLcSSCd2024-03-31l0o 894.811 THAp1564r2024-03-31w2024-03-31yL c4371d4371